|
|
|
|
| LEADER |
00947nam a2200241 a 4500 |
| 001 |
1876542 |
| 008 |
091027s1981 th b i001 0 eng d |
| 010 |
|
|
|a 82920069
|
| 020 |
|
|
|a 9221024229 (pbk.)
|
| 020 |
|
|
|a 922102427X
|
| 040 |
|
|
|a DLC
|c DLC
|d DLC
|
| 082 |
0 |
0 |
|a 338.951/009173/4
|2 19
|
| 100 |
1 |
|
|a Griffin, Keith B.
|
| 245 |
1 |
0 |
|a Growth and equality in rural China /
|c by Keith Griffin and Ashwani Saith.
|
| 260 |
|
|
|a [Bangkok] :
|b Asian Employment Programme, ARTEP ;
|a Singapore :
|b Distributed by Maruzen Asia,
|c 1981.
|
| 300 |
|
|
|a vii, 166 p. ;
|c 24 cm.
|
| 504 |
|
|
|a Includes bibliographical references and index.
|
| 541 |
1 |
|
|e 00000079
|
| 651 |
|
0 |
|a China
|x Rural conditions.
|
| 700 |
1 |
|
|a Saith, Ashwani.
|
| 852 |
4 |
|
|a Ayesha Abed Library
|j General Shelf
|
| 999 |
|
|
|c 5390
|d 5390
|
| 952 |
|
|
|0 0
|1 0
|2 ddc
|4 0
|6 338_951009173400000_GRI_1981
|7 0
|9 5249
|a BRACUL
|b BRACUL
|c GEN
|d 2009-11-10
|g 242.00
|l 0
|o 338.9510091734 GRI
|p 3010000079
|r 2016-08-30
|t 1
|w 2009-11-10
|y BK
|